Statistics for Countries in the Hidden World Map - Treasure Hunt #2

Click here to take the quiz!

General Stats

  • This quiz has been taken 175 times
    (106 since last reset)
  • The average score is 13 of 15

Answer Stats

Country % Correct
Morocco
96%
Canada
94%
Italy
94%
Japan
94%
Australia
93%
Chile
92%
Yemen
89%
Ivory Coast
88%
Seychelles
88%
Panama
87%
Cambodia
86%
South Africa
86%
Finland
82%
Rwanda
80%
Iceland
79%

Score Distribution

Percentile by Number Answered

Percent of People with Each Score

Your Score History

You have not taken this quiz since the last reset